Statistics for U.S. Attorneys General by Picture

Click here to take the quiz!

General Stats

  • This quiz has been taken 7 times
  • The average score is 25 of 88

Answer Stats

Answer% Correct
Eric Holder
100%
William Barr
83%
Janet Reno
83%
Alberto Gonzales
83%
John Ashcroft
83%
Sally Yates
83%
Jeff Sessions
83%
Tom C. Clark
67%
Robert Bork
67%
Ramsey Clark
67%
Robert F. Kennedy
67%
Loretta Lynch
50%
Matthew Whitaker
50%
Dick Thornburgh
50%
Edwin Meese
50%
Elliot Richardson
50%
Nicholas Katzenbach
50%
Edmund Randolph
50%
William D. Mitchell
33%
John Breckinridge
33%
Richard Kleindienst
33%
Roger B. Taney
33%
John N. Mitchell
33%
William P. Rogers
33%
Griffin Bell
33%
Jeremiah S. Black
33%
Reverdy Johnson
33%
John Y. Mason
17%
J. Howard McGrath
17%
Felix Grundy
17%
Herbert Brownell Jr.
17%
Francis Biddle
17%
John Nelson
17%
John J. Crittenden
17%
Robert H. Jackson
17%
Henry D. Gilpin
17%
James McGranery
17%
Nathan Clifford
17%
William B. Saxbe
17%
Edward H. Levi
17%
Frank Murphy
17%
William French Smith
17%
John Macpherson Berrien
17%
William Wirt
17%
Richard Rush
17%
Paul Clement
17%
Mark Filip
17%
William Pinkney
17%
Caesar Augustus Rodney
17%
Dana Boente
17%
Levi Lincoln Sr.
17%
Charles Lee
17%
Benjamin Civiletti
17%
Homer Stille Cummings
17%
Isaac Toucey
17%
John G. Sargent
17%
Caleb Cushing
17%
Edwin Stanton
17%
Edward Bates
17%
James Speed
17%
Henry Stanbery
17%
William M. Evarts
17%
Ebenezer R. Hoar
17%
Amos T. Akerman
17%
George Henry Williams
17%
Edwards Pierrepont
17%
Alphonso Taft
17%
Charles Devens
17%
Wayne MacVeagh
17%
Benjamin H. Brewster
17%
Augustus Garland
17%
William H. H. Miller
17%
William Bradford
17%
Harlan F. Stone
17%
A. Mitchell Palmer
17%
Thomas Watt Gregory
17%
James C. McReynolds
17%
George W. Wickersham
17%
Charles Bonaparte
17%
Richard Olney
17%
William Henry Moody
17%
Philander C. Knox
17%
John W. Griggs
17%
Joseph McKenna
17%
Judson Harmon
17%
Chester Harding
0%
Harry M. Dagherty
0%
Hugh S. Legaré
0%

Score Distribution

Percentile by Number Answered

Percent of People with Each Score

Your Score History

You have not taken this quiz